000 00824cab a2200301 4500
001 A25
008 090401t1991 xxu||||| |||| 00| 0 eng d
035 _a(Sirsi) u31729
041 _aeng
100 _aMays, G.C.
245 4 _aThe performance of lightweight aggregate concrete structures in service
260 _c1991
350 _a0
490 _aStructural Engineer
_v69(20) 15 October 1991, 351-360(10)
650 _aCARBONATION
650 _aCONCRETE
650 _aCONDITION SURVEYS
650 _aDURABILITY
650 _aLIGHTWEIGHT AGGREGATE CONCRETE STRUCTURES
650 _aLIGHTWEIGHT AGGREGATES
650 _aLYTAG
650 _aRESEARCH
650 _aSTRUCTURAL CONCRETE
690 _aBUILT ENVIRONMENT-CONSTRUCTION DESIGN
700 _aBarnes, R.A.
942 _n0
948 _c04/03/1997
999 _c21299
_d21299